Music Quiz

Random Music or Song Quiz

Nick Drake songs Quiz Stats

Quiz not verified by Sporcle

Also try: One-Word #1 Songs
Challenge
Share
Tweet
Embed
Score 0/31 Timer 06:00
0 Plays Today
Album Song % Correct
Pink MoonPink Moon
97.7%
Five Leaves LeftRiver Man
83.5%
Bryter LayterBryter Layter
78.2%
Five Leaves LeftTime Has Told Me
75.5%
Bryter LayterNorthern Sky
73.9%
Five Leaves LeftCello Song
73.6%
Pink MoonParasite
72.4%
Bryter LayterAt The Chime Of A City Clock
70.1%
Bryter LayterHazey Jane I
70.1%
Pink MoonRoad
70.1%
Bryter LayterHazey Jane II
69.3%
Five Leaves LeftFruit Tree
68.2%
Pink MoonThings Behind The Sun
67.4%
Pink MoonFrom The Morning
66.7%
Bryter LayterOne Of These Things First
66.3%
Five Leaves LeftSaturday Sun
65.9%
Album Song % Correct
Bryter LayterFly
65.5%
Bryter LayterIntroduction
64%
Five Leaves LeftMan In A Shed
63.6%
Bryter LayterPoor Boy
63.6%
Pink MoonWhich Will
63.6%
Five Leaves LeftThe Thoughts Of Mary Jane
60.9%
Five Leaves LeftWay To Blue
60.5%
Five Leaves LeftThree Hours
59.8%
Pink MoonHorn
59%
Pink MoonPlace To Be
57.9%
Five Leaves LeftDay Is Done
56.7%
Pink MoonKnow
54%
Bryter LayterSunday
52.1%
Pink MoonFree Ride
51%
Pink MoonHarvest Breed
51%

You're not logged in!

Compare scores with friends on all Sporcle quizzes.
Sign Up with Email
OR
Log In

You Might Also Like...

Show Comments

Extras

Top Quizzes Today


Score Distribution

Your Account Isn't Verified!

In order to create a playlist on Sporcle, you need to verify the email address you used during registration. Go to your Sporcle Settings to finish the process.